Principes de droit civil

שמור ב:
מידע ביבליוגרפי
מחבר ראשי: Laurent, François (Author)
פורמט: ספר
שפה:צרפתית
יצא לאור: Bruselas Bruylant-Christophe & Cie 1893
מהדורה:5a. ed
נושאים:
תגים: הוספת תג
אין תגיות, היה/י הראשונ/ה לתייג את הרשומה!

MARC

LEADER 00000nam a2200000 a 4500
001 UCS1604
003 CL-VaPUC
008 970515e18930000be |||||||||||||||||fre|d
082 0 4 |a 346.44  |b LAU  |2 21 
100 |a Laurent, François  |e author  |9 386187 
245 1 0 |a Principes de droit civil 
250 |a 5a. ed 
300 |a 33 v 
942 |c BK 
945 |d 19970515 00:00:00  |a cmena 
260 |a Bruselas  |b Bruylant-Christophe & Cie  |c 1893 
650 0 |a Derecho civil  |9 255013 
650 0 |a Derecho francés  |9 385145 
650 0 |a Código civil  |9 256135 
650 0 |a Familias   |9 255641 
650 7 |a MATRIMONIO  |2 CL-VaPUC  |9 386188 
650 0 |a Bienes muebles   |9 380927 
650 0 |a Bienes inmuebles   |9 359521 
650 0 |a Obligaciones   |9 255578 
650 7 |a RESPONSABILIDAD CIVIL  |2 CL-VaPUC  |9 386189 
650 0 |a Derecho sucesorio  |9 255015 
650 0 |a Herencia  |9 256325 
650 0 |a Regímenes matrimoniales  |9 357525 
651 0 |a Francia  |9 255157 
583 |a last modification  |c 20150430 10:09:17  |k Rodrigo Vera 
999 |c 259641  |d 259639 
952 |0 0  |1 0  |4 0  |6 346_440000000000000_LAU_1893  |7 0  |8 X  |9 284789  |a BIBDER  |b BIBDER  |d 2019-11-19  |h v.5  |i 1852027  |o 346.44 LAU 1893  |p 1852027  |r 2023-01-25  |w 2019-11-19  |y BK_X  |k DER 
952 |0 0  |1 0  |4 0  |6 346_440000000000000_LAU_1893  |7 0  |8 X  |9 284790  |a BIBDER  |b BIBDER  |d 2019-11-19  |h v.6  |i 1852035  |o 346.44 LAU 1893  |p 1852035  |r 2023-01-25  |w 2019-11-19  |y BK_X  |k DER 
952 |0 0  |1 0  |4 0  |6 346_440000000000000_LAU_1893  |7 0  |8 X  |9 284791  |a BIBDER  |b BIBDER  |d 2019-11-19  |h v.7  |i 1852043  |o 346.44 LAU 1893  |p 1852043  |r 2023-01-25  |w 2019-11-19  |y BK_X  |k DER 
952 |0 0  |1 0  |4 0  |6 346_440000000000000_LAU_1893  |7 0  |8 X  |9 284792  |a BIBDER  |b BIBDER  |d 2019-11-19  |h v.8  |i 1852051  |o 346.44 LAU 1893  |p 1852051  |r 2023-01-25  |w 2019-11-19  |y BK_X  |k DER 
952 |0 0  |1 0  |4 0  |6 346_440000000000000_LAU_1893  |7 0  |8 X  |9 284793  |a BIBDER  |b BIBDER  |d 2019-11-19  |h v.9  |i 185206K  |o 346.44 LAU 1893  |p 185206K  |r 2023-01-25  |w 2019-11-19  |y BK_X  |k DER 
952 |0 0  |1 0  |4 0  |6 346_440000000000000_LAU_1893  |7 0  |8 X  |9 284794  |a BIBDER  |b BIBDER  |d 2019-11-19  |h v.10  |i 1852078  |o 346.44 LAU 1893  |p 1852078  |r 2023-01-25  |w 2019-11-19  |y BK_X  |k DER 
952 |0 0  |1 0  |4 0  |6 346_440000000000000_LAU_1893  |7 0  |8 X  |9 284795  |a BIBDER  |b BIBDER  |d 2019-11-19  |h v.11  |i 1852086  |o 346.44 LAU 1893  |p 1852086  |r 2023-01-25  |w 2019-11-19  |y BK_X  |k DER 
952 |0 0  |1 0  |4 0  |6 346_440000000000000_LAU_1893  |7 0  |8 X  |9 284796  |a BIBDER  |b BIBDER  |d 2019-11-19  |h v.12  |i 1852094  |o 346.44 LAU 1893  |p 1852094  |r 2023-01-25  |w 2019-11-19  |y BK_X  |k DER 
952 |0 0  |1 0  |4 0  |6 346_440000000000000_LAU_1893  |7 0  |8 X  |9 284797  |a BIBDER  |b BIBDER  |d 2019-11-19  |h v.13  |i 1852108  |o 346.44 LAU 1893  |p 1852108  |r 2023-01-25  |w 2019-11-19  |y BK_X  |k DER 
952 |0 0  |1 0  |4 0  |6 346_440000000000000_LAU_1893  |7 0  |8 X  |9 284798  |a BIBDER  |b BIBDER  |d 2019-11-19  |h v.14  |i 1852116  |o 346.44 LAU 1893  |p 1852116  |r 2023-01-25  |w 2019-11-19  |y BK_X  |k DER 
952 |0 0  |1 0  |4 0  |6 346_440000000000000_LAU_1893  |7 0  |8 X  |9 284799  |a BIBDER  |b BIBDER  |d 2019-11-19  |h v.15  |i 1852124  |o 346.44 LAU 1893  |p 1852124  |r 2023-01-25  |w 2019-11-19  |y BK_X  |k DER 
952 |0 0  |1 0  |4 0  |6 346_440000000000000_LAU_1893  |7 0  |8 X  |9 284800  |a BIBDER  |b BIBDER  |d 2019-11-19  |h v.16  |i 1852132  |o 346.44 LAU 1893  |p 1852132  |r 2023-01-25  |w 2019-11-19  |y BK_X  |k DER 
952 |0 0  |1 0  |4 0  |6 346_440000000000000_LAU_1893  |7 0  |8 X  |9 284801  |a BIBDER  |b BIBDER  |d 2019-11-19  |h v.17  |i 1852140  |l 2  |m 2  |o 346.44 LAU 1893  |p 1852140  |q 2025-12-31  |r 2021-10-11  |s 2021-10-11  |w 2019-11-19  |y BK_X  |k DER 
952 |0 0  |1 0  |4 0  |6 346_440000000000000_LAU_1893  |7 0  |8 X  |9 284802  |a BIBDER  |b BIBDER  |d 2019-11-19  |h v.18  |i 1852159  |o 346.44 LAU 1893  |p 1852159  |r 2023-01-25  |w 2019-11-19  |y BK_X  |k DER 
952 |0 0  |1 0  |4 0  |6 346_440000000000000_LAU_1893  |7 0  |8 X  |9 284803  |a BIBDER  |b BIBDER  |d 2019-11-19  |h v.19  |i 1852167  |o 346.44 LAU 1893  |p 1852167  |r 2023-01-25  |w 2019-11-19  |y BK_X  |k DER 
952 |0 0  |1 0  |4 0  |6 346_440000000000000_LAU_1893  |7 0  |8 X  |9 284804  |a BIBDER  |b BIBDER  |d 2019-11-19  |h v.20  |i 1852175  |o 346.44 LAU 1893  |p 1852175  |r 2023-01-25  |w 2019-11-19  |y BK_X  |k DER 
952 |0 0  |1 0  |4 0  |6 346_440000000000000_LAU_1893  |7 0  |8 X  |9 284805  |a BIBDER  |b BIBDER  |d 2019-11-19  |h v.21  |i 1852183  |o 346.44 LAU 1893  |p 1852183  |r 2023-01-25  |w 2019-11-19  |y BK_X  |k DER 
952 |0 0  |1 0  |4 0  |6 346_440000000000000_LAU_1893  |7 0  |8 X  |9 284806  |a BIBDER  |b BIBDER  |d 2019-11-19  |h v.22  |i 1852191  |o 346.44 LAU 1893  |p 1852191  |r 2023-01-25  |w 2019-11-19  |y BK_X  |k DER 
952 |0 0  |1 0  |4 0  |6 346_440000000000000_LAU_1893  |7 0  |8 X  |9 284807  |a BIBDER  |b BIBDER  |d 2019-11-19  |h v.23  |i 1852205  |o 346.44 LAU 1893  |p 1852205  |r 2023-01-25  |w 2019-11-19  |y BK_X  |k DER 
952 |0 0  |1 0  |4 0  |6 346_440000000000000_LAU_1893  |7 0  |8 X  |9 284808  |a BIBDER  |b BIBDER  |d 2019-11-19  |h v.24  |i 1852213  |o 346.44 LAU 1893  |p 1852213  |r 2023-01-25  |w 2019-11-19  |y BK_X  |k DER 
952 |0 0  |1 0  |4 0  |6 346_440000000000000_LAU_1893  |7 0  |8 X  |9 284809  |a BIBDER  |b BIBDER  |d 2019-11-19  |h v.25  |i 1852221  |o 346.44 LAU 1893  |p 1852221  |r 2023-01-25  |w 2019-11-19  |y BK_X  |k DER 
952 |0 0  |1 0  |4 0  |6 346_440000000000000_LAU_1893  |7 0  |8 X  |9 284810  |a BIBDER  |b BIBDER  |d 2019-11-19  |h v.26  |i 185223K  |o 346.44 LAU 1893  |p 185223K  |r 2023-01-25  |w 2019-11-19  |y BK_X  |k DER 
952 |0 0  |1 0  |4 0  |6 346_440000000000000_LAU_1893  |7 0  |8 X  |9 284811  |a BIBDER  |b BIBDER  |d 2019-11-19  |h v.27  |i 1852248  |o 346.44 LAU 1893  |p 1852248  |r 2023-01-25  |w 2019-11-19  |y BK_X  |k DER 
952 |0 0  |1 0  |4 0  |6 346_440000000000000_LAU_1893  |7 0  |8 X  |9 284812  |a BIBDER  |b BIBDER  |d 2019-11-19  |h v.28  |i 1852256  |o 346.44 LAU 1893  |p 1852256  |r 2023-01-25  |w 2019-11-19  |y BK_X  |k DER 
952 |0 0  |1 0  |4 0  |6 346_440000000000000_LAU_1893  |7 0  |8 X  |9 284813  |a BIBDER  |b BIBDER  |d 2019-11-19  |h v.29  |i 1852264  |o 346.44 LAU 1893  |p 1852264  |r 2023-01-25  |w 2019-11-19  |y BK_X  |k DER 
952 |0 0  |1 0  |4 0  |6 346_440000000000000_LAU_1893  |7 0  |8 X  |9 284814  |a BIBDER  |b BIBDER  |d 2019-11-19  |h v.30  |i 1852272  |o 346.44 LAU 1893  |p 1852272  |r 2023-01-25  |w 2019-11-19  |y BK_X  |k DER 
952 |0 0  |1 0  |4 0  |6 346_440000000000000_LAU_1893  |7 0  |8 X  |9 284815  |a BIBDER  |b BIBDER  |d 2019-11-19  |h v.31  |i 1852280  |o 346.44 LAU 1893  |p 1852280  |r 2023-01-25  |w 2019-11-19  |y BK_X  |k DER 
952 |0 0  |1 0  |4 0  |6 346_440000000000000_LAU_1893  |7 0  |8 X  |9 284816  |a BIBDER  |b BIBDER  |d 2019-11-19  |h v.32  |i 1852299  |o 346.44 LAU 1893  |p 1852299  |r 2023-01-25  |w 2019-11-19  |y BK_X  |k DER 
952 |0 0  |1 0  |4 0  |6 346_440000000000000_LAU_1893  |7 0  |8 X  |9 284817  |a BIBDER  |b BIBDER  |d 2019-11-19  |h v.33  |i 1852302  |o 346.44 LAU 1893  |p 1852302  |r 2023-01-25  |w 2019-11-19  |y BK_X  |k DER